000 00703nam a2200205 i 4500
001 29419
003 ES-MaACL
005 20260126130018.0
007 t|
008 030121s1963 sp ||||1| spa d
100 1 _aBallesteros Beretta, Antonio,
_d1880-1949
_925050
245 1 0 _aAlfonso X el Sabio /
_cpor Antonio Ballesteros Beretta.
250 _a1ª ed.
260 _aBarcelona :
_bSalvat,
_c1963.
300 _aXVI, 1142 p., 15 lám. ;
_c26 cm.
500 _aPrecede al tít.: Consejo Superior de Investigaciones Científicas. Academia Alfonso X el Sabio (Murcia)
710 0 _aAcademia Alfonso X el Sabio
_91142
852 _aES-MaACL
_jC-23591
_bR.52488
999 _c29419
_d29419